Online Public Access Catalogue

Biochemistry / (Record no. 1956)

MARC details
000 -LEADER
fixed length control field 00429nam a2200157Ia 4500
020 ## - INTERNATIONAL STANDARD BOOK NUMBER
International Standard Book Number 9780195053562
082 ## - DEWEY DECIMAL CLASSIFICATION NUMBER
Classification number 612.015
Author Mark ARM
100 ## - MAIN ENTRY--PERSONAL NAME
Author Name Armstrong, Frank B.
245 #0 - TITLE STATEMENT
Title Biochemistry /
250 ## - EDITION STATEMENT
Edition statement 3rd
260 ## - PUBLICATION, DISTRIBUTION, ETC.
Place of publication, distribution, etc. New York
Name of publisher, distributor, etc. Oxford University Press
Date of publication, distribution, etc. 1989
300 ## - PHYSICAL DESCRIPTION
No of Pages 675
illustrations 27CM
504 ## - BIBLIOGRAPHY, ETC. NOTE
Bibliography, Index, etc. note INCLUDE:INDEX
650 ## - SUBJECT ADDED ENTRY--TOPICAL TERM
Subject Biochemistry.
Keywords CELLS, PROTEINS, CARBOHYDRATED
942 ## - ADDED ENTRY ELEMENTS (KOHA)
Koha item type Books
Source of classification or shelving scheme
952 ## - LOCATION AND ITEM INFORMATION (KOHA)
-- 2018-03-16
Holdings
Item status Home library Current library Shelving location Date acquired Total Checkouts Full call number Barcode Date last seen Koha item type
  Islamabad Medical and Dental College Islamabad Medical and Dental College Islamabad Medical and Dental College 16/03/2018   612.015 ARM 2763 16/03/2018 Books

Copyright @ IMDC Library
Islamabad Medical and Dental College
Bhara Kahu, Islamabad

  Contact the Librarian, IMDC
  Email:: library@imdcollege.edu.pk

  OPAC Customized by
  Mazhar Hussain,
  Librarian:
  Islamabad Medical and Dental College
  Email:: library@imdcollege.edu.pk